[Event "Bad Woerishofen op 25th"]
[Site "Bad Woerishofen"]
[Date "2009.03.12"]
[Round "8"]
[White "Kugelmann, Werner"]
[Black "Makryniotis, Konstantinos"]
[Result "1-0"]
[WhiteElo "2203"]
[BlackElo "1877"]
[PlyCount "71"]
[EventDate "2009.03.05"]
[EventType "swiss"]
[EventRounds "9"]
[EventCountry "GER"]
[SourceTitle "CBM 129 Extra"]
[Source "ChessBase"]
[SourceDate "2009.05.05"]
[SourceVersion "2"]
[SourceVersionDate "2009.05.20"]
[SourceQuality "1"]

1. e4 d5 2. exd5 Qxd5 3. Nc3 Qd6 4. Nf3 Nf6 5. d4 a6 6. h3 g6 7. Bd3 Nc6 8. 0-0 Bg7 9. Ne2 0-0 10. Bf4 Qd8 11. c4 Nb8 12. Qd2 Nbd7 13. Rad1 b6 14. Ng3 Bb7 15. Qe2 Re8 16. Ne5 Nf8 17. Bc2 b5 18. b3 a5 19. d5 bxc4 20. bxc4 Ba6 21. Ba4 N8d7 22. Nc6 Qc8 23. Nxe7+ Rxe7 24. Qxe7 Bxc4 25. Rfe1 Bf8 26. Bxd7 Nxd7 27. Qe4 Ba6 28. Rc1 Bc5 29. Bh6 Bd6 30. Qd4 f6 31. f4 Qb7 32. Ne4 Be7 33. Kh1 Bb5 34. a4 Ba6 35. d6 Bd8 36. dxc7 1-0

[Event "Bad Woerishofen op 25th"]
[Site "Bad Woerishofen"]
[Date "2009.03.11"]
[Round "7"]
[White "Makryniotis, Konstantinos"]
[Black "Rahls, Peter"]
[Result "0-1"]
[WhiteElo "1877"]
[BlackElo "2263"]
[PlyCount "74"]
[EventDate "2009.03.05"]
[EventType "swiss"]
[EventRounds "9"]
[EventCountry "GER"]
[SourceTitle "CBM 129 Extra"]
[Source "ChessBase"]
[SourceDate "2009.05.05"]
[SourceVersion "2"]
[SourceVersionDate "2009.05.20"]
[SourceQuality "1"]

1. Nf3 c5 2. c4 Nc6 3. Nc3 g6 4. d4 cxd4 5. Nxd4 Bg7 6. Nf3 Nf6 7. g3 0-0 8. Bg2 d6 9. 0-0 Be6 10. Nd5 Rc8 11. Nd2 Bxd5 12. cxd5 Nb4 13. Qb3 Qa5 14. Nc4 Qc5 15. Ne3 Na6 16. Bd2 Qc7 17. Bc3 Nc5 18. Qd1 Qb6 19. Bd4 Qa6 20. Re1 Rc7 21. Qb1 Rfc8 22. b3 h5 23. Qb2 Ne8 24. Bxg7 Nxg7 25. Rac1 b5 26. Bh3 f5 27. Bg2 Ne8 28. a3 Nf6 29. Nc2 Nce4 30. Ne3 Nc3 31. h4 Nxe2+ 32. Rxe2 Rxc1+ 33. Kh2 R1c7 34. Nc2 Qb6 35. Nd4 Kf7 36. Qd2 b4 37. Qe3 Ng4+ 0-1

[Event "Corfu op"]
[Site "Corfu"]
[Date "2007.10.09"]
[Round "8"]
[White "Kleifges, Matthias"]
[Black "Makryniotis, Konstantinos"]
[Result "1-0"]
[WhiteElo "2152"]
[BlackElo "1852"]
[PlyCount "101"]
[EventDate "2007.10.01"]
[EventType "swiss"]
[EventRounds "9"]
[EventCountry "GRE"]
[SourceTitle "CBM 120 Extra"]
[Source "ChessBase"]
[SourceDate "2007.11.01"]
[SourceVersion "1"]
[SourceVersionDate "2007.11.01"]
[SourceQuality "1"]

1. e4 c5 2. c3 Nf6 3. e5 Nd5 4. d4 cxd4 5. Nf3 Nc6 6. cxd4 d6 7. Be2 Bg4 8. Qb3 dxe5 9. Qxb7 Rc8 10. Bb5 Bd7 11. Bd2 Rb8 12. Qxc6 Rxb5 13. Qc2 Qb8 14. b3 exd4 15. 0-0 e5 16. Nxe5 Qxe5 17. Re1 Ne3 18. Bxe3 Be7 19. Bd2 Qd5 20. Na3 Rb7 21. Rac1 Be6 22. Qc4 Qxc4 23. Nxc4 0-0 24. Na5 Rd7 25. Nc6 Ba3 26. Rcd1 Rc8 27. Bb4 Bxb4 28. Nxb4 h6 29. Rd2 a5 30. Nc2 d3 31. Ne3 g5 32. Red1 Rc3 33. g4 Rd8 34. f3 Bc8 35. Kf2 Ba6 36. Nf5 Re8 37. Ng3 Rec8 38. Ne4 Rc2 39. Ke3 Rc1 40. Nd6 R8c2 41. Rxc1 Rxc1 42. Ne4 Kg7 43. Nf2 Re1+ 44. Kd4 Re2 45. Kc3 Kf6 46. Ne4+ Ke5 47. Nc5 Bb5 48. Nxd3+ Bxd3 49. Kxd3 Re1 50. Re2+ Rxe2 51. Kxe2 1-0